| 000 | 00466nam a2200193Ia 4500 | ||
|---|---|---|---|
| 001 | 7557 | ||
| 003 | GE_BSU | ||
| 008 | 181216s||||||||xx |||||||||||||| ||und|| | ||
| 040 | _cGE_BSU | ||
| 245 | _aLe point.№2129.2013. | ||
| 245 | _bPeut-il tenir?. | ||
| 260 | _aPARIS. | ||
| 260 | _c2013. | ||
| 300 | _a98p;26sm. | ||
| 520 | _aDynastie Peugeot: histoires secrètes. | ||
| 653 | _aLe point.№2129.2013. | ||
| 653 | _aპერიოდიკა | ||
| 942 | _cCR | ||
| 999 |
_c40912 _d40912 |
||